| 000 | 00366nam a22001457a 4500 | ||
|---|---|---|---|
| 003 | SGT | ||
| 020 | _a9780074638798 | ||
| 082 | _a658.4038001 SCH | ||
| 100 | _aSCHULTHEIS,ROBERT | ||
| 245 | _aMANAGEMENT INFORMATION SYSTEMS:THE MANAGERIAL'S VIEW | ||
| 260 |
_aNEW DELHI _bTMH _c1998 |
||
| 300 | _a743 | ||
| 650 | _aMANAGEMENT INFORMATION SYSTEMS | ||
| 942 |
_2ddc _cFCM |
||
| 999 |
_c10698 _d10698 |
||